000 00689nam a2200229 4500
003 OSt
005 20260530113900.0
008 260507b1999 |||||||| |||| 00| 0 eng d
040 _aICI
_beng
_cICI
041 _aeng
050 _aHD30.37
_bG375
100 1 _aGates, Bill,
_932226
245 1 0 _aBill Gates
_bBussiness @ The speed of thought succeeding in the digital economy /
264 1 _bPenguin Books
_c1999
_aNew York
300 _a527 pƔginas
336 _atexto
_2rdacontent
337 _asin medio
_2rdamedia
338 _avolumen
_2rdacarrier
650 4 _2Empresas
_xRedes de computadoras
_932227
650 _2Empresas
_xSistemas de comunicación
_932228
942 _2lcc
_cBK
_n1
999 _c11764
_d11764